The church. (Record no. 9049)

000 -LEADER
fixed length control field 00612nam a2200217 a 4500
001 - CONTROL NUMBER
control field :::00006830$&:&@@
003 - CONTROL NUMBER IDENTIFIER
control field OkBaRHE
005 - DATE AND TIME OF LATEST TRANSACTION
control field 20000607103333.0
008 - FIXED-LENGTH DATA ELEMENTS--GENERAL INFORMATION
fixed length control field s1977 j 000 0 eng u
020 ## - INTERNATIONAL STANDARD BOOK NUMBER
International Standard Book Number 0882439103
040 ## - CATALOGING SOURCE
Transcribing agency
100 1# - MAIN ENTRY--PERSONAL NAME
Personal name Spittler, Russell P.
245 14 - TITLE STATEMENT
Title The church.
260 ## - PUBLICATION, DISTRIBUTION, ETC. (IMPRINT)
Place of publication, distribution, etc Springfield, MO., :
Name of publisher, distributor, etc Gospel Publishing House
Date of publication, distribution, etc c1977
300 ## - PHYSICAL DESCRIPTION
Extent 126 p. ;
Dimensions 18 cm.
490 0# - SERIES STATEMENT
Series statement Radiant books.
650 ## - SUBJECT ADDED ENTRY--TOPICAL TERM
Topical term or geographic name as entry element Church
650 ## - SUBJECT ADDED ENTRY--TOPICAL TERM
Topical term or geographic name as entry element Church History
942 ## - ADDED ENTRY ELEMENTS (KOHA)
Source of classification or shelving scheme
Koha item type Books
Copies
Lost status Copy number Full call number Shelving location Barcode Permanent Location Not for loan Source of classification or shelving scheme Date last seen Withdrawn status Damaged status Date acquired Koha item type Price effective from
 1BV 600.2 .S67General Stacks6830RHEMA Bible Training College  2010-04-14  2010-04-14Books2010-04-14